Blackboard Blitz: Old Testament Quiz Stats

 Plays Quiz Updated Jun 21, 2018

Challenge
Share
Tweet
Score 0/13 Timer 01:00
20 Plays Today
% Correct
Aaron
78.5%
5 Kings
75.6%
Sinai
73.9%
Song of Saul
73.8%
Moses
73.4%
Romans
73.3%
Mosiah
73%
Naomi
71.3%
2 John
69.8%
Colossians
69.6%
Judea
64.4%
Prophets
64%
David
63.1%

You're not logged in!

Compare scores with friends on all Sporcle quizzes.
Join for Free
OR
Log In

You Might Also Like...

Show Comments

Extras

Top Quizzes Today


Score Distribution

Your Account Isn't Verified!

In order to create a playlist on Sporcle, you need to verify the email address you used during registration. Go to your Sporcle Settings to finish the process.

Report this User

Report this user for behavior that violates our Community Guidelines.

Details: